Представление документа в формате RUSMARC

Поле Инд. ПП Название Значение
Тип записи a
Библиографический уровень a
001 Контрольный номер 755c076dfdf84b91a718c958adea1ab9
005 Дата корректировки 20181128153734.8
100 a Данные общей обработки 20181128 ||| 0rusy0189 ca
101 0_ a Язык текста rus
102 a Страна публикации RU
200 1_ f Первые сведения об ответственности Н.В. Самсонов
a Заглавие К вопросу о системности гражданского процессуального права
b Общее обозначение материала Текст
210 1_ d Дата издания 2017
461 _0 1 2000
a Арбитражный и гражданский процесс
463 _0 1 2000
a № 10
v С. 6-11
1 2101
d 2017
1 00184ce46371e4e45c0966f990f93309dfc
606 a Основная рубрика Гражданское процессуальное право
610 0_ a Ключевые слова РГУП
a Ключевые слова ГРАЖДАНСКИЙ ПРОЦЕСС
a Ключевые слова СИСТЕМА ПРАВА
700 _1 a Фамилия Самсонов
b Имя Н.В.
801 _0 a Страна RU
b Организация РГУП
c Дата составления 20181128
g Правила каталогизации PSBO
801 _1 a Страна RU
b Организация РГУП
c Дата составления 20181128
g Правила каталогизации PSBO
901 t Тип документа b
w Контрольный № источника 84ce46371e4e45c0966f990f93309dfc
905 a Дата ввода 20181128